000 00556nam a2200217 a 4500
001 BRCA_4303
005 20190320204623.0
008 240610s1961----nyu#######---#000-0#eng-#
041 _aeng
044 _anyu
050 4 _aPZ3
_b.H35 1961
100 1 _aHalliday, Brett
_95028
245 1 0 _aDolls are Deadly
_ba Mike Shayne Mystery
_cby Brett Halliday.
260 _aNueva York
_bDell
_c1961
300 _a192 p.
_c16 cm.
440 0 _aA dell mystery
_911058
500 _aCEF98
650 1 4 _aNovelas policĂ­acas
_9877
902 _aGFM
942 _2lcc
_cB
999 _c4014
_d4014